000 00651cas a2200217u 4500
001 10877990
003 BD-DhUL
005 20161103145837.0
008 900721s1957 xxk u 0 0 0eng
010 _a 52024151
040 _cBD-DhUL
_dBD-DhUL
050 0 0 _aZ7164.E2
_bB52
082 _a016.33
_bBIB
245 0 2 _aA Bibliography in economics for the Oxford honour school of philosophy /
260 _aOxford :
_bOxford University Press ,
_c1957.
300 _av.;
_c22 cm.
310 _aUnknown
650 0 _aEconomics
_vBibliography.
710 1 _aOxford.
_bUniversity.
_bFaculty of Social Studies. [from old catalog]
942 _2ddc
_cBK
999 _c119597
_d119597